Menjaga tingkah laku

Bibliographic Details
Main Author: Sheba Siddique
Format: Book
Published: Kuala Lumpur : Gema Insan , 2005
Series:Siri cerita motivasi
Subjects:

MARC

LEADER 00000cam a2200000 7i4500
001 0000000143
005 20151222.0
008 070629
020 |a 9835700931 
090 0 0 |a JF   |b MAL (224) 
100 0 |a Sheba Siddique 
245 1 0 |a Menjaga tingkah laku   |c Sheba Siddique 
260 |a Kuala Lumpur :   |b Gema Insan ,   |c 2005 
440 |a Siri cerita motivasi 
500 |a Children ages 7-9 years old (orange) 
650 0 |a Malay fiction 
999 |a 0000954392   |b Book   |c Children Collection   |e Cawangan Bandar Penawar 
999 |a 0000954507   |b Book   |c Children Collection   |e Perbadanan Perpustakaan Awam Johor 
999 |a 0000954508   |b Book   |c Children Collection   |e Cawangan Batu Pahat 
999 |a 0000954510   |b Book   |c Children Collection   |e Perbadanan Perpustakaan Awam Johor 
999 |a 0000970659   |b Book   |c Children Collection   |e Perbadanan Perpustakaan Awam Johor 
999 |a 0001167473   |b Book   |c Children Collection   |e Cawangan Taman Universiti 
999 |a 0001167474   |b Book   |c Children Collection   |e Cawangan Kota Tinggi 
999 |a 0001167476   |b Book   |c Children Collection   |e Cawangan Bukit Gambir 
999 |a 0001167481   |b Book   |c Children Collection   |e Cawangan Segamat 
999 |a 0001167484   |b Book   |c Children Collection   |e Cawangan Pontian 
999 |a 0001167486   |b Book   |c Children Collection   |e Cawangan Tmn. Ungku Tun Aminah